[Event "SVK-chT1E 1920"]
[Site "Slovakia"]
[Date "2019.10.13"]
[Round "2.6"]
[White "Timko, Milan"]
[Black "Panko, Eduard1111"]
[Result "1-0"]
[WhiteElo "2003"]
[BlackElo "1924"]
[PlyCount "79"]
[EventDate "2019.10.12"]
[EventType "team-tourn"]
[EventRounds "11"]
[EventCountry "SVK"]
[SourceTitle "CBM 193 Extra"]
[Source "ChessBase"]
[SourceDate "2020.01.31"]
[SourceVersion "1"]
[SourceVersionDate "2020.01.31"]
[SourceQuality "1"]
[WhiteTeam "Kosice 1 CC"]
[BlackTeam "Bardejov"]
[WhiteTeamCountry "SVK"]
[BlackTeamCountry "SVK"]

1. d4 e6 2. e4 d5 3. exd5 exd5 4. Nf3 Bd6 5. c4 c6 6. Nc3 Ne7 7. Bg5 Be6 8. c5 Bc7 9. Bd3 Nd7 10. Qc2 f6 11. Bh4 Nf8 12. Bg3 Qd7 13. Bxc7 Qxc7 14. 0-0 Nfg6 15. Rfe1 Kf7 16. Re3 Qd7 17. Rae1 Bf5 18. Rxe7+ Nxe7 19. Rxe7+ Qxe7 20. Bxf5 g6 21. Bd3 Rae8 22. Ne2 Qc7 23. h4 Re7 24. h5 Kg7 25. g3 Qd7 26. hxg6 hxg6 27. Nf4 Qg4 28. Kg2 Rh6 29. Nh2 Qg5 30. Nf3 Qg4 31. Be2 Qd7 32. Nh4 Re4 33. Nhxg6 Rxg6 34. Nxg6 Kxg6 35. f3 f5 36. fxe4 dxe4 37. Qc4 Kf6 38. Qg8 Qe7 39. Bh5 Qc7 40. Qg6+ 1-0

[Event "SVK-chT1E 1819"]
[Site "Slovakia"]
[Date "2019.03.16"]
[Round "10.4"]
[White "Turcan, Richard"]
[Black "Timko, Milan"]
[Result "1-0"]
[WhiteElo "2105"]
[BlackElo "2031"]
[PlyCount "31"]
[EventDate "2018.10.27"]
[EventType "team-tourn"]
[EventRounds "11"]
[EventCountry "SVK"]
[SourceTitle "CBM 189 Extra"]
[Source "ChessBase"]
[SourceDate "2019.06.03"]
[SourceVersion "1"]
[SourceVersionDate "2019.06.03"]
[SourceQuality "1"]
[WhiteTeam "Banska Bystrica Junior"]
[BlackTeam "Kosice 1 CC"]
[WhiteTeamCountry "SVK"]
[BlackTeamCountry "SVK"]

1. e4 e6 2. d4 d5 3. Nd2 dxe4 4. Nxe4 Nf6 5. Nxf6+ Qxf6 6. Nf3 Qd8 7. Bd3 c5 8. 0-0 cxd4 9. Nxd4 Bc5 10. Bb5+ Ke7 11. Be3 Qb6 12. Qh5 g6 13. Qh4+ f6 14. b4 Bxd4 15. Bxd4 g5 16. Qh6 1-0

[Event "SVK-chT1E 1819"]
[Site "Slovakia"]
[Date "2019.01.13"]
[Round "6.6"]
[White "Timko, Milan"]
[Black "Popovic, Martin"]
[Result "0-1"]
[WhiteElo "2054"]
[BlackElo "1857"]
[PlyCount "46"]
[EventDate "2018.10.27"]
[EventType "team-tourn"]
[EventRounds "11"]
[EventCountry "SVK"]
[SourceTitle "CBM 188 Extra"]
[Source "ChessBase"]
[SourceDate "2019.02.26"]
[SourceVersion "1"]
[SourceVersionDate "2019.02.26"]
[SourceQuality "1"]
[WhiteTeam "Kosice 1 CC"]
[BlackTeam "Kosice Slavia TU II"]
[WhiteTeamCountry "SVK"]
[BlackTeamCountry "SVK"]

1. d4 Nf6 2. Bf4 d5 3. e3 Bf5 4. c4 e6 5. Nc3 Bb4 6. Qb3 Bxc3+ 7. bxc3 b6 8. cxd5 exd5 9. Bb5+ Bd7 10. Bd3 0-0 11. Nf3 Nc6 12. 0-0 Bg4 13. Ne5 Nxe5 14. Bxe5 c6 15. Qc2 h6 16. c4 Rc8 17. cxd5 cxd5 18. Qb3 Ne4 19. Rfc1 Qh4 20. g3 Qh5 21. h4 Qf5 22. Rf1 Bf3 23. Rfc1 Qh3 0-1

[Event "SVK-chT2D 1617"]
[Site "Slovakia"]
[Date "2016.12.03"]
[Round "5.3"]
[White "Timko, Milan"]
[Black "Ackerman, Ernest"]
[Result "1-0"]
[WhiteElo "2053"]
[BlackElo "2074"]
[PlyCount "47"]
[EventDate "2016.10.08"]
[EventType "team-tourn"]
[EventRounds "11"]
[EventCountry "SVK"]
[SourceTitle "EXT 2018"]
[Source "ChessBase"]
[SourceDate "2017.10.13"]
[SourceVersion "1"]
[SourceVersionDate "2017.10.13"]
[SourceQuality "1"]
[WhiteTeam "Kosice 1 CC"]
[BlackTeam "Kosice Dynamo"]
[WhiteTeamCountry "SVK"]
[BlackTeamCountry "SVK"]

1. d4 d5 2. Nf3 c6 3. Bf4 Nf6 4. e3 Bf5 5. c3 Qb6 6. Qb3 Qxb3 7. axb3 Nbd7 8. Nbd2 Nh5 9. Bc7 h6 10. b4 e6 11. h3 Nhf6 12. Nb3 Bc2 13. Na5 Rc8 14. Bh2 b6 15. Ba6 bxa5 16. Bxc8 axb4 17. Bxd7+ Nxd7 18. Rxa7 bxc3 19. bxc3 f6 20. Kd2 Be4 21. Rb7 Be7 22. Ra1 Nf8 23. Ra8+ Kf7 24. Bd6 1-0

[Event "SVK-chT2D 1516"]
[Site "Slovakia"]
[Date "2016.02.13"]
[Round "8.5"]
[White "Paluch, Ladislav"]
[Black "Timko, Milan"]
[Result "1/2-1/2"]
[WhiteElo "1985"]
[BlackElo "2003"]
[PlyCount "63"]
[EventDate "2015.10.17"]
[EventType "team-tourn"]
[EventRounds "11"]
[EventCountry "SVK"]
[SourceTitle "EXT 2017"]
[Source "ChessBase"]
[SourceDate "2016.10.25"]
[SourceVersion "1"]
[SourceVersionDate "2016.10.25"]
[SourceQuality "1"]
[WhiteTeam "Velke Kapusany"]
[BlackTeam "Kosice 1 CC"]
[WhiteTeamCountry "SVK"]
[BlackTeamCountry "SVK"]

1. d4 d5 2. c4 c6 3. Nc3 Nf6 4. Nf3 e6 5. e3 Nbd7 6. Bd3 dxc4 7. Bxc4 b5 8. Bd3 Bb7 9. Bd2 a6 10. Rc1 c5 11. dxc5 Nxc5 12. Bb1 Nd3+ 13. Bxd3 Qxd3 14. Qe2 Qxe2+ 15. Nxe2 Bd6 16. 0-0 Ke7 17. Ned4 Rac8 18. a3 Ne4 19. Ba5 f6 20. Rfd1 Bc5 21. Nb3 Bd6 22. Nbd4 Bd5 23. Nd2 Nc5 24. N2f3 Na4 25. Ra1 Bxf3 26. gxf3 Nxb2 27. Rdb1 Na4 28. Rc1 Rxc1+ 29. Rxc1 Nc5 30. Bb4 Nd3 31. Bxd6+ Kxd6 32. Rc6+ 1/2-1/2

[Event "Pardubice Chladek&Tintera op"]
[Site "Pardubice"]
[Date "2014.07.17"]
[Round "9"]
[White "Timko, Milan"]
[Black "Zhylkaidarova, Sholpan"]
[Result "0-1"]
[WhiteElo "1970"]
[BlackElo "2098"]
[PlyCount "81"]
[EventDate "2014.07.16"]
[EventType "swiss (rapid)"]
[EventRounds "9"]
[EventCountry "CZE"]
[SourceTitle "EXT 2015"]
[Source "ChessBase"]
[SourceDate "2014.11.20"]
[SourceVersion "1"]
[SourceVersionDate "2014.11.20"]
[SourceQuality "1"]

1. e4 e6 2. d4 d5 3. Nd2 dxe4 4. Nxe4 Nf6 5. Nxf6+ Qxf6 6. Nf3 Qd8 7. Bg5 Be7 8. Qd2 0-0 9. Bd3 Nc6 10. c3 e5 11. d5 Nb8 12. 0-0-0 f5 13. Bxe7 Qxe7 14. d6 cxd6 15. Bc4+ Be6 16. Bxe6+ Qxe6 17. Qd5 Qxd5 18. Rxd5 Nc6 19. Rxd6 Rad8 20. Rhd1 e4 21. Rxd8 Rxd8 22. Rxd8+ Nxd8 23. Ne5 Kf8 24. Kd2 Ke7 25. Ke3 Ke6 26. Kd4 g6 27. a4 Ke7 28. Ke3 Ne6 29. b4 Kd6 30. Nc4+ Kd5 31. Nd2 f4+ 32. Ke2 g5 33. g3 Ng7 34. h4 f3+ 35. Kd1 gxh4 36. gxh4 h5 37. Nf1 Nf5 38. Kc2 Nxh4 39. Ng3 Ng2 40. Nxh5 e3 41. Kd1 0-1

[Event "Pardubice op-J"]
[Site "Pardubice"]
[Date "2013.07.13"]
[Round "2"]
[White "Timko, Milan"]
[Black "Kazakov, Konstantin"]
[Result "0-1"]
[WhiteElo "1943"]
[BlackElo "2307"]
[PlyCount "90"]
[EventDate "2013.07.12"]
[EventType "swiss"]
[EventRounds "9"]
[EventCountry "CZE"]
[SourceTitle "EXT 2014"]
[Source "ChessBase"]
[SourceDate "2013.11.20"]
[SourceVersion "1"]
[SourceVersionDate "2013.11.20"]
[SourceQuality "1"]

1. d4 d5 2. c4 Nc6 3. Nc3 e6 4. Nf3 a6 5. cxd5 exd5 6. Qb3 Be6 7. Bf4 Na5 8. Qc2 Nf6 9. e3 Be7 10. Bd3 h6 11. 0-0 0-0 12. Na4 Nc6 13. a3 Nd7 14. b4 Bg4 15. Ne5 Ncxe5 16. Bxe5 Nxe5 17. dxe5 c6 18. Nc5 Qc7 19. h3 Bc8 20. f4 f6 21. exf6 Bxf6 22. Rad1 a5 23. e4 axb4 24. axb4 Bd4+ 25. Kh1 Rxf4 26. Rxf4 Qxf4 27. exd5 Be5 28. g4 Qf3+ 29. Kg1 Qxh3 30. Qg2 Qxg2+ 31. Kxg2 Bxg4 32. Rd2 Rf8 33. dxc6 Bf3+ 34. Kh3 Bxc6 35. Bc4+ Kh8 36. Ne6 Re8 37. b5 Be4 38. Re2 Bf5+ 39. Kh4 g5+ 40. Nxg5 hxg5+ 41. Kxg5 Bh7 42. Rf2 b6 43. Rg2 Rc8 44. Bf7 Rc5 45. Be8 Bd3 0-1

[Event "SVK-chT2D 1213"]
[Site "Slovakia"]
[Date "2013.02.16"]
[Round "8.6"]
[White "Timko, Milan"]
[Black "Skovran, Jaroslav"]
[Result "0-1"]
[WhiteElo "1922"]
[BlackElo "1985"]
[PlyCount "60"]
[EventDate "2012.10.13"]
[EventType "team-tourn"]
[EventRounds "11"]
[EventCountry "SVK"]
[SourceTitle "EXT 2015"]
[Source "ChessBase"]
[SourceDate "2014.11.20"]
[SourceVersion "1"]
[SourceVersionDate "2014.11.20"]
[SourceQuality "1"]
[WhiteTeam "Kosice SK"]
[BlackTeam "Sabinov II"]
[WhiteTeamCountry "SVK"]
[BlackTeamCountry "SVK"]

1. d4 Nf6 2. Nf3 d6 3. c4 Nbd7 4. Nc3 c5 5. e4 cxd4 6. Nxd4 g6 7. g3 Bg7 8. Bg2 0-0 9. 0-0 Qa5 10. Be3 Ne5 11. Nb3 Qd8 12. c5 Nc4 13. cxd6 exd6 14. Qe2 Nxe3 15. Qxe3 Qe7 16. Rfd1 Be6 17. Nb5 Rfd8 18. Rac1 Ng4 19. Qe2 a6 20. Nc7 Rac8 21. Nxe6 Qxe6 22. Rxc8 Rxc8 23. Bh3 f5 24. f3 Nh6 25. Qd2 Rd8 26. Nc5 Qf7 27. b3 Rc8 28. Qxd6 Bf8 29. Nxb7 Bxd6 30. Nxd6 Qa7+ 0-1

[Event "SVK-chT2D 1213"]
[Site "Slovakia"]
[Date "2012.12.01"]
[Round "3.6"]
[White "Pacholsky, Radovan"]
[Black "Timko, Milan"]
[Result "0-1"]
[WhiteElo "1982"]
[BlackElo "1922"]
[PlyCount "50"]
[EventDate "2012.10.13"]
[EventType "team-tourn"]
[EventRounds "11"]
[EventCountry "SVK"]
[SourceTitle "EXT 2015"]
[Source "ChessBase"]
[SourceDate "2014.11.20"]
[SourceVersion "1"]
[SourceVersionDate "2014.11.20"]
[SourceQuality "1"]
[WhiteTeam "Margecany"]
[BlackTeam "Kosice SK"]
[WhiteTeamCountry "SVK"]
[BlackTeamCountry "SVK"]

1. e4 Nc6 2. Nf3 f5 3. exf5 d5 4. d4 Bxf5 5. Nh4 Be4 6. Nc3 e5 7. Nf3 exd4 8. Nxd4 Nxd4 9. Qxd4 Bxc2 10. Nxd5 Ne7 11. Qc3 Nxd5 12. Qxc2 Bb4+ 13. Bd2 Qe7+ 14. Be2 0-0-0 15. Kf1 Rhf8 16. Bxb4 Qxb4 17. Bf3 Nf4 18. Rc1 Qb5+ 19. Kg1 c6 20. Qxh7 Ne2+ 21. Bxe2 Qxe2 22. Qh3+ Rd7 23. Rf1 Qxb2 24. a3 c5 25. Qe3 Qd4 0-1